Statistiken für Ein Quiz über Bern

Klicken Sie hier um das Quiz zu spielen!

Allgemein

  • Dieses Quiz wurde 609 mal gespielt
  • Das Durchschnittsergebnis liegt bei 7 aus 21

Antwortstatistiken

FrageAntwort% Korrekt
Für die Schweizer Hauptstadt gab es drei Kandidaten.
Bern und welche zwei anderen?
Zürich
95%
Bern liegt an der "Schlaufe" welchen Flusses?Aare
71%
Für die Schweizer Hauptstadt gab es drei Kandidaten.
Bern und welche zwei anderen?
Luzern
64%
Bern ist die grösste Stadt im Kanton. Welche ist die Nummer zwei?Biel/Bienne
50%
Wie heisst der Flughafen von Bern?Flughafen Bern-{Belp}
48%
Beim Zibelemärit werden jeden November 30 Tonnen wovon verkauft?Zwiebel
44%
Das Wahrzeichen Berns, ein Uhrturm, heisst wie?Zytglogge
39%
Dieser Ulmer war zeitweilig technischer Experte 3. Klasse beim Schweizer Patentamt.Albert Einstein
36%
Dieser Maler des Kubismuses, Expressionismuses, et al. heisst wie eine Pflanze.Paul Klee
35%
Welche ist die einwohnerreichste an Bern grenzende Gemeinde?Köniz
30%
Berns Hausberg. NB: Ändert man einen Buchstaben erhält man eine Freiburger Stadt.Gurten
29%
Welcher heutige Kanton unterstand bis 1798 nahezu gänzlich der Stadt Bern?Waadt
28%
Wie heisst Berns Tiergarten?Dählhölzli
19%
Ein anderer Brunnen zeigt einen Kannibalen. Wie nennt sich dieser?{Kindlifresser}brunnen
18%
Die Quartiere der Berner Innenstadt sind nach ______ benannt.Farben
15%
Südlich der Untertorbrücke befindet sich diese berühmte Brücke.{Nydegg}brücke
15%
Bern liegt im Verwaltungskreis Bern-Mittelland, ist jedoch nicht dessen Hauptort.
Welche Gemeinde denn?
Ostermundigen
15%
In welchem Jahr trat Bern der Eidgenossenschaft bei?1353
14%
Durch diesen wird weiter flussabwärts eine Halbinsel gebildet. Wie heisst sie?{Enge}halbinsel
13%
Dieser Turm befindet sich zusammen mit dem Zähringerbrunnen in welcher Strasse?Kramgasse
13%
Welchem Heiligen ist das Berner Münster geweiht?{Vinzenz} von Saragossa
9%

Verteilung der Resultate

Perzentil nach korrekt beantworteten Fragen

Anzahl Personen mit jedem Resultat

Ihre Resultats-Entwicklung

Sie haben dieses Quiz noch nicht gespielt